Výzkumně vývojové projekty financované Federálním ministerstvem hospodářství v roce 1991.
Informácia o uznesení vlády ČSFR č.743/1990 o zásadách štátnej politiky v oblasti vedy a výskumu. Nutnosť venovať pozornosť kľúčovým oblastiam ekonomiky a technického rozvoja. Prehľad 13 programov, ktoré sa konkretizujú v projektoch.
Gespeichert in:
| 1. Verfasser: | |
|---|---|
| Format: | Buchkapitel |
| Sprache: | Tschechisch |
| Schlagworte: | |
| Tags: |
Keine Tags, Fügen Sie das erste Tag hinzu!
|
MARC
| LEADER | 00000naa a2200000 4500 | ||
|---|---|---|---|
| 001 | r006311 | ||
| 005 | 20221125081257.7 | ||
| 041 | 0 | |a cze | |
| 044 | |a [CS] | ||
| 245 | 1 | 0 | |a Výzkumně vývojové projekty financované Federálním ministerstvem hospodářství v roce 1991. |c M. Bílek |
| 520 | |a Informácia o uznesení vlády ČSFR č.743/1990 o zásadách štátnej politiky v oblasti vedy a výskumu. Nutnosť venovať pozornosť kľúčovým oblastiam ekonomiky a technického rozvoja. Prehľad 13 programov, ktoré sa konkretizujú v projektoch. | ||
| 610 | 2 | 0 | |a financovanie vývoja |
| 610 | 2 | 0 | |a politika vedeckotechnická |
| 610 | 2 | 0 | |a rozvoj vedeckotechnický |
| 610 | 2 | 0 | |a programy cieľové štátne |
| 610 | 2 | 0 | |a vláda |
| 610 | 2 | 0 | |a ČSFR |
| 100 | 1 | |a Bílek, M. | |